Moderní nábor s sebou nese změnu firemní kultury i odpovědnost za svou komunitu
Skúsenosti českej strojárenskej spoločnosti Abydos s nedostatkom kvalitikovanej pracovnej sily. Prípadová štúdia.
Na minha lista:
| Formato: | Capítulo de Livro |
|---|---|
| Idioma: | tcheco |
| Assuntos: | |
| Tags: |
Sem tags, seja o primeiro a adicionar uma tag!
|
MARC
| LEADER | 00000naa a2200000 4500 | ||
|---|---|---|---|
| 001 | 0224369 | ||
| 005 | 20231113135221.3 | ||
| 041 | 0 | |a cze | |
| 044 | |a CZ | ||
| 245 | 1 | 0 | |a Moderní nábor s sebou nese změnu firemní kultury i odpovědnost za svou komunitu |
| 520 | |a Skúsenosti českej strojárenskej spoločnosti Abydos s nedostatkom kvalitikovanej pracovnej sily. Prípadová štúdia. | ||
| 610 | 2 | 0 | |a trh práce |
| 610 | 2 | 0 | |a sily pracovné |
| 610 | 2 | 0 | |a práca kvalifikovaná |
| 610 | 2 | 0 | |a podnik |
| 610 | 2 | 0 | |a riadenie ľudských zdrojov |
| 610 | 2 | 0 | |a Česko |
| 610 | 2 | 0 | |a štúdie prípadové |